Troye Sivan Discography - Statistics

General Stats
  • This quiz has been taken 241 times
    151 since last reset
  • The average score is 23 of 36
Answer Stats
Album Song % Correct
Bloom Bloom
96%
Blue Neighbourhood WILD
92%
Blue Neighbourhood BLUE
87%
In a Dream IN A DREAM
81%
TRXYE Happy Little Pill
80%
Bloom My My My!
79%
Blue Neighbourhood YOUTH
79%
Bloom Dance To This
77%
Blue Neighbourhood FOOLS
77%
In a Dream Easy
72%
Blue Neighbourhood HEAVEN
71%
Bloom Lucky Strike
69%
In a Dream Rager teenager!
68%
Bloom Seventeen
66%
Bloom Postcard
65%
Bloom Plum
64%
Bloom Animal
63%
In a Dream STUD
63%
Bloom The Good Side
63%
Blue Neighbourhood BITE
62%
In a Dream Take Yourself Home
61%
Blue Neighbourhood EASE
60%
Blue Neighbourhood TALK ME DOWN
58%
Blue Neighbourhood COOL
57%
Blue Neighbourhood SUBURBIA
57%
Bloom What A Heavenly Way To Die
56%
Blue Neighbourhood for him.
55%
Blue Neighbourhood DKLA
54%
TRXYE Fun
48%
TRXYE Gasoline
48%
Blue Neighbourhood LOST BOY
48%
Blue Neighbourhood THE QUIET
44%
TRXYE The Fault In Our Stars
43%
In a Dream could cry just thinkin about you
38%
TRXYE Touch
32%
Blue Neighbourhood TOO GOOD
31%
No matching quizzes found
Score Distribution
Percent of People with Each Score
Percentile by Number Answered
Your Score History
You have not taken this quiz since the last reset